Evaluation of the resistant capacity of cable nets using the finite element method and experimental validation

Podrobná bibliografia
Hlavní autori: Castro-Fresno, D. (Author), Coz Diaz, J.J. del (Author), López, L.A (Author), García Nieto, P.J (Author)
Médium: Článok
Jazyk:English
Témy:
Zdroj: 1. Engineering geology 1. Roč. 100, č. 1-2 (jún 2008), s. 1-10 1. 0013-7952
LEADER 01251nab#a2200421#ar4500
001 000090331
003 SVKKK
005 20080707143041.0
008 080509c2008 xo |||||||||||||||b|eng
FMT
015 |a SNBRB2008/06 
038 |a SVKKK 
040 |a SVKKK  |b slo  |e AACR2 
041 0 |a eng  |b eng 
044 |a ne  |c NL 
080 |a 625.122  |2 1997 
080 |a 62-427.4  |2 1997 
080 |a 519.673  |2 1997 
242 1 0 |a Odhad odolnostnej kapacity lanového pletiva pomocou metódy konečných prvkov a experimentálneho dokazovania 
245 1 0 |a Evaluation of the resistant capacity of cable nets using the finite element method and experimental validation  |c D. Castro-Fresno ... [et al.] 
300 |b Obr. 
504 |a Bibliogr. odkazy 
546 |a Res. angl. 
650 0 4 |a odolnosť lanových sietí 
650 0 4 |a spevňovanie svahov 
650 0 4 |a matematické modelovanie 
700 1 |a Castro-Fresno, D.  |4 aut 
700 1 |a Coz Diaz, J.J. del  |4 aut 
700 1 |a López, L.A.  |4 aut 
700 1 |a García Nieto, P.J.  |4 aut 
773 0 |t Engineering geology  |g Roč. 100, č. 1-2 (jún 2008), s. 1-10  |x 0013-7952 
958 |a NB 
974 |a Ni 
992 |a RBX 
BAS
852 |a SVKKK  |b BIB 
EXP
998 |a GEO